| 000 | 00645nam a2200241Ia 4500 | ||
|---|---|---|---|
| 005 | 20260429112130.0 | ||
| 008 | 260429s9999||||xx |||||||||||||| ||und|| | ||
| 020 | _a9789363863521 | ||
| 041 | _aEnglish | ||
| 082 |
_a615.82 _bHOL |
||
| 100 | _aHollis, Margaret | ||
| 245 | 0 |
_aPractical exercise therapy / _cMargaret Hollis |
|
| 250 | _a4th ed. | ||
| 260 |
_aNew Delhi : _bBlackwell Science, _c2025. |
||
| 300 | _avii, 280 p.; pbk | ||
| 650 | _a Therapy | ||
| 650 | _aExercise | ||
| 700 | _a Fletcher-Cook, Phyl | ||
| 700 | _a Kitchen, Sheila S. | ||
| 700 | _a Sanford, Barbara | ||
| 700 | _a Waddington, Patricia J. | ||
| 942 | _cTB | ||
| 999 |
_c52517 _d52517 |
||